000 00625nam a2200253Ia 4500
003 OSt
005 20221005121334.0
006 a|||||r|||| 00| 0
007 ta
008 221004b |||||||| |||| 00| 0 mar d
020 _ai
024 _a40408
037 _cTextual
040 _aCRL
_cCRL
_bmar
041 _2mar
_amar
082 _aR66,6xG90,1:g, 155K7
100 _aMagrulkar Arvind
_9630422
245 0 _aGyandevi
260 _c1967
300 _a282p.
_ccm.
650 _aBHAGAVAD GITA
942 _hR66,6xG90,1:g, 155K7
_cTEXL
_2cc
999 _c1040834
_d1040834